নাটোরের ইতিহাস / (Record no. 55139)
[ view plain ]
| 000 -LEADER | |
|---|---|
| fixed length control field | 00827nam a2200229 a 4500 |
| 001 - CONTROL NUMBER | |
| control field | 55139 |
| 003 - CONTROL NUMBER IDENTIFIER | |
| rucl marc code | BD-RjUL |
| 005 - DATE AND TIME OF LATEST TRANSACTION | |
| control field | 20211209080223.0 |
| 008 - FIXED-LENGTH DATA ELEMENTS--GENERAL INFORMATION | |
| fixed length control field | 161114s1985 bg ||||| |||| 00| 0 ben d |
| 035 ## - SYSTEM CONTROL NUMBER | |
| System control number | (BD-RjUL)55261 |
| 040 ## - CATALOGING SOURCE | |
| Original cataloging agency | BD-RjUL |
| Language of cataloging | ben |
| Transcribing agency | BD-RjUL |
| Modifying agency | BD-RjUL |
| 041 ## - LANGUAGE CODE | |
| Language code of text/sound track or separate title | ben |
| 082 ## - DEWEY DECIMAL CLASSIFICATION NUMBER | |
| Edition number | 23 |
| Classification number | 954.924 |
| Author mark and year | PAN 1985 |
| 100 ## - MAIN ENTRY--PERSONAL NAME | |
| Personal name | পাল, সমর |
| 9 (RLIN) | 144776 |
| 245 10 - TITLE STATEMENT | |
| Title | নাটোরের ইতিহাস / |
| Statement of responsibility, etc. | সমর পাল |
| 260 ## - PUBLICATION, DISTRIBUTION, ETC. (IMPRINT) | |
| Place of publication, distribution, etc. | নাটোর : |
| Name of publisher, distributor, etc. | পদাতিকা প্রকাশনী, |
| Date of publication, distribution, etc. | ১৯৮৫ |
| 300 ## - PHYSICAL DESCRIPTION | |
| Pagination | খন্ড. ; |
| Size | ২৩ সেমি. |
| 505 ## - FORMATTED CONTENTS NOTE | |
| Formatted contents note | খন্ড. ২. -- |
| 651 ## - SUBJECT ADDED ENTRY--GEOGRAPHIC NAME | |
| Geographic name | রাজশাহী বিভাগ (বাংলাদেশ) |
| Form subdivision | ইতিহাস |
| 9 (RLIN) | 164311 |
| Geographic name | Rajshahi Division (Bangladesh) |
| Form subdivision | History |
| 9 (RLIN) | 164312 |
| 942 ## - ADDED ENTRY ELEMENTS (KOHA) | |
| Source of classification or shelving scheme | Dewey Decimal Classification |
| Koha item type | Books |
| Lost status | Source of classification or shelving scheme | Damaged status | Not for loan | Collection code | Permanent Location | Current Location | Shelving location | Date acquired | Source of acquisition | Cost, normal purchase price | Total Checkouts | Full call number | Date last seen | Date checked out | Copy number | Koha item type |
|---|---|---|---|---|---|---|---|---|---|---|---|---|---|---|---|---|
| Dewey Decimal Classification | Non-fiction | Central Library, University of Rajshahi | Central Library, University of Rajshahi | 29/09/1990 | Md. Mahamudur rahman | 12.00 | 3 | B 954.924 PAN V-2 1985 | 15/06/2022 | 01/06/2022 | C-2 | Books | ||||
| Dewey Decimal Classification | Not For Loan | Non-fiction | Central Library, University of Rajshahi | Central Library, University of Rajshahi | Reading Room | 29/09/1990 | Muhhomod foiz | 12.00 | B 954.924 PAN V-2 1985 | 08/03/2017 | C-1 | Books |